| 000 | 00830nam a2200241 i 4500 | ||
|---|---|---|---|
| 001 | 000017308 | ||
| 003 | DO-SdBNP | ||
| 005 | 20250130125047.0 | ||
| 007 | ta | ||
| 008 | 100322s1990 dr 000 0 spa d | ||
| 040 |
_aDO-SdBNP _bspa _cBNPHU |
||
| 082 |
_bR426p _222 |
||
| 110 | 1 |
_aRepública Dominicana. _bSecretaría de Estado de Educación, Bellas Artes y Cultos _923965 |
|
| 245 | 1 | 0 |
_aPlan decenal de educación ¿para quien y para que? : _belementos para la elaboración de un plan. |
| 264 | 1 |
_aSanto Domingo : _bSecretaría de Estado de Educación, Bellas Artes y Cultos, _c1990. |
|
| 300 |
_a28 paginas ; _c24 cm. |
||
| 336 |
_2rdacontent _atexto _btxt |
||
| 337 |
_2rdamedia _asin mediación _bn |
||
| 338 |
_2rdacarrier _avolumen _bnc |
||
| 590 | _aInventariado, 2024 / DG | ||
| 910 | _aDG | ||
| 942 |
_2ddc _cLBS1 |
||
| 999 |
_c16833 _d16833 |
||